[Event "SVK-ch U14 Girls"]
[Site "Tatralandia"]
[Date "2025.05.13"]
[Round "3"]
[White "Cseplo, Zsofia"]
[Black "Spisiakova, Viktoria"]
[Result "1/2-1/2"]
[WhiteElo "1522"]
[BlackElo "1583"]
[PlyCount "50"]
[EventDate "2025.05.11"]
[EventType "swiss"]
[EventRounds "9"]
[EventCountry "SVK"]
[SourceTitle "CB21_2025"]
[SourceDate "2025.05.21"]
[SourceVersion "1"]
[SourceVersionDate "2025.05.21"]
[SourceQuality "1"]

1. d4 f5 2. c4 Nf6 3. Nc3 e6 4. Bg5 Bb4 5. a3 Bxc3+ 6. bxc3 b6 7. Nf3 Bb7 8. e3 h6 9. Bxf6 Qxf6 10. Be2 0-0 11. 0-0 Nc6 12. Qd2 Rad8 13. Rad1 Ne7 14. Qc2 Ng6 15. d5 Ne5 16. Nxe5 Qxe5 17. Bf3 Ba6 18. Rd4 Bb7 19. Rfd1 Qf6 20. Qe2 c5 21. dxc6 Bxc6 22. Bxc6 dxc6 23. h3 c5 24. Rxd8 Rxd8 25. Rxd8+ Qxd8 1/2-1/2

[Event "SVK-ch U12 Girls"]
[Site "Tatralandia"]
[Date "2024.04.05"]
[Round "1"]
[White "Cseplo, Zsofia"]
[Black "Gondekova, Emma"]
[Result "0-1"]
[WhiteElo "1018"]
[BlackElo "1538"]
[PlyCount "84"]
[EventDate "2024.04.05"]
[EventType "swiss"]
[EventRounds "7"]
[EventCountry "SVK"]
[SourceTitle "CBM 219 Extra"]
[Source "ChessBase"]
[SourceDate "2024.05.31"]
[SourceVersion "1"]
[SourceVersionDate "2024.05.31"]
[SourceQuality "1"]

1. e4 c5 2. Nc3 Nc6 3. Nf3 g6 4. d4 cxd4 5. Nxd4 Bg7 6. Nxc6 bxc6 7. Be3 d6 8. Bc4 Nf6 9. Qd2 0-0 10. 0-0-0 c5 11. Bh6 Rb8 12. e5 Ne8 13. Rhe1 Bb7 14. e6 f6 15. f3 f5 16. b3 Qa5 17. Na4 Qxd2+ 18. Bxd2 Bc6 19. Nc3 Nc7 20. a4 h6 21. Na2 g5 22. Bc3 f4 23. Bxg7 Kxg7 24. Nc3 h5 25. Nd5 Bxd5 26. Bxd5 g4 27. Bc4 Kg6 28. Bd3+ Kg5 29. h4+ Kxh4 30. Bf5 Rxf5 31. Rd3 Rd5 32. Rc3 Rf8 33. fxg4 Kxg4 34. Re4 Rff5 35. g3 Rde5 36. Rec4 Nxe6 37. Kd2 Nd4 38. gxf4 Nf3+ 39. Kc1 Rxf4 40. Rxf4+ Kxf4 41. Rc4+ Re4 42. Rxe4+ Kxe4 0-1